[Event "Biel op"]
[Site "Biel"]
[Date "1994.??.??"]
[Round "7"]
[White "Weindl, Alfred"]
[Black "Gutman, Lev"]
[Result "0-1"]
[WhiteElo "2355"]
[BlackElo "2465"]

1.d4 Nf6 2.Bg5 Ne4 3.Bf4 c5 4.d5 e6 5.f3 Bd6 6.Bxd6 Nxd6 7.dxe6 dxe6 8.c3 O-O
9.e4 Nc6 10.Na3 Qe7 11.Qe2 e5 12.Qe3 b6 13.Ne2 f5 14.O-O-O Bb7 15.Kb1 Na5
16.exf5 Nxf5 17.Qc1 e4 18.fxe4 Qxe4+ 19.Ka1 Qe3 20.Ng3 Qxc1+ 21.Rxc1 Ne3
22.Bd3 Rad8 23.Bb1 Rfe8 24.b4 Nac4 25.Nxc4 Nxc4 26.bxc5 bxc5 27.Bc2 Ne3 28.Ba4 Re5
29.Rhe1 Bxg2 30.Re2 Bf3 31.Rf2 Bg4 32.Rb2 Bf3 33.Rcb1 h5 34.Rf2 Rf8 35.Nf1 Ng4
36.Rd2 Kh7 37.Rd7 Bg2 38.Nd2 Rf2 39.Nc4 Ree2 40.Bb3 a6 41.h4 Nf6 42.Rd8 Be4
43.Rg1 Bc2 44.Kb2 Bxb3+ 45.Kxb3 Rxa2 46.Rg5 Ra1 47.Ne5 Rb1+ 48.Ka3 Rfb2 49.Ng6 Rb8
50.Nf8+ Kg8 51.Rxb8 Rxb8 52.Ne6 Kf7 53.Nxc5 Rb1 54.Nd3 Rh1 55.Ne5+ Kg8 56.Ng6 Rh3
57.Kb4 Kf7 58.c4 Ne4 59.Ne5+ Ke6 60.Rxh5 g5 61.Rh6+ Kxe5 62.hxg5 Rg3 63.Rxa6 Kd4
64.Ra8 Nxg5 65.Rd8+ Ke5 66.Rd5+ Ke6 67.Rd1 Nf7 68.c5 Ne5 69.Rd6+ Ke7 70.Rd5 Re3
71.Rd6 Re1 72.Rd5 Rb1+ 73.Kc3 Nd7 74.Rh5 Kd8 75.Rh6 Kc7 76.c6 Nb6 77.Rh7+ Kxc6  0-1

[Event "Biel"]
[Site "Biel"]
[Date "1994.??.??"]
[Round "9"]
[White "Landenbergue, Claude"]
[Black "Vaganian, Rafael A"]
[Result "0-1"]
[WhiteElo "2450"]
[BlackElo "2645"]

1.d4 Nf6 2.Bg5 Ne4 3.Bf4 d5 4.Nd2 c5 5.Nxe4 dxe4 6.c3 Qb6 7.Bc1 cxd4 8.Qxd4 Qxd4
9.cxd4 Nc6 10.e3 e5 11.Bb5 exd4 12.exd4 Bd7 13.Ne2 Nb4 14.Bxd7+ Kxd7 15.O-O Bd6
16.Bd2 Rac8 17.Ng3 Nc2 18.Rad1 Bxg3 19.hxg3 f6 20.Be3 a6 21.a3 h5 22.Rd2 Rc4
23.Rb1 Kd6 24.Kf1 Kd5 25.Ke2 Rhc8 26.Rh1 g6 27.Rhd1 b5 28.Rh1 a5 29.g4 hxg4
30.Rh7 R4c7 31.Rh6 Rg7 32.Kd1 Na1  0-1

[Event "Bled op"]
[Site "Bled"]
[Date "1994.??.??"]
[Round "?"]
[White "Turian, Hans"]
[Black "Gostisa, Leon"]
[Result "1/2-1/2"]
[WhiteElo "2255"]
[BlackElo "2410"]

1.d4 Nf6 2.Bg5 Ne4 3.Bf4 d5 4.f3 Nf6 5.e4 dxe4 6.Nc3 exf3 7.Nxf3 Bf5 8.Bc4 e6
9.Qe2 Bb4 10.O-O O-O 11.Rad1 Bxc3 12.bxc3 Nbd7 13.Bb3 Ne4 14.Qe1 Ndf6 15.Ne5 c5
16.g4 Nxg4 17.Nxg4 Bxg4 18.Qxe4 Bxd1 19.Rxd1 b5 20.c4 Qh4 21.Re1 bxc4 22.Bxc4 cxd4
23.Bg3 Qxe4 24.Rxe4 Rfd8 25.Bf2 Rac8 26.Bd3 Rc5 27.Bxd4 Rg5+ 28.Kf2 Ra5 29.Ke3 Rxa2
30.Rg4 g6 31.Bf6 Re8 32.Rb4 Ra5 33.Rb7 Rh5 34.h4 a5 35.Ra7 Rc5 36.c4 Rec8
37.Kd4 Rh5 38.Be7 Kg7 39.c5 a4 40.Bb5 a3 41.Rxa3 f6 42.Ra7 Rxh4+ 43.Kd3 Rh5
44.Kc4 Rh4+ 45.Kd3 Rh3+ 46.Kc4  1/2-1/2

[Event "Brno-C"]
[Site "Brno"]
[Date "1994.??.??"]
[Round "4"]
[White "Kargoll, Boris"]
[Black "Roederer, Kai"]
[Result "1/2-1/2"]
[WhiteElo "2280"]
[BlackElo "2215"]

1.d4 Nf6 2.Bg5 Ne4 3.h4 c6 4.Nd2 Qa5 5.Nf3 d6 6.c3 Nxd2 7.Nxd2 f6 8.Bf4 e5
9.Bg3 Na6 10.e4 Bd7 11.dxe5 dxe5 12.Bc4 O-O-O 13.O-O Nc7 14.b4 Qb6 15.a4 Ne6
16.Bxe6 Bxe6 17.Qe2 Rd7 18.a5 Qd8 19.Rfd1 Be7 20.Nf1 Bb3 21.Rxd7 Qxd7 22.Qe3 Kb8
23.f3 c5 24.Bf2 Rd8 25.bxc5 Qc6 26.a6 Bc4 27.axb7 Kxb7 28.Rb1+ Ka8 29.Kh2 Rd3
30.Qc1 Rd7 31.Qb2 Rb7 32.Qxb7+ Qxb7 33.Rxb7 Kxb7 34.Nd2 Be6 35.c6+ Ka8 36.c4 Bb4
37.Nf1 Bxc4 38.Ng3 Bb5 39.Nf5 Bf8 40.c7 Bd7 41.Be1 Bxf5 42.exf5 Kb7 43.Ba5 Bd6
44.c8=Q+ Kxc8 45.Kg1 Bc7 46.Bc3 Kd7 47.Kf1 Kc6 48.Ke2 a5 49.Kd3 Kb5 50.g4 a4
51.g5 Bd8 52.h5 fxg5 53.Bxe5 Bf6 54.Bd6 h6 55.Ba3 Ba1 56.Bf8 Kc6 57.Kc4 Bb2
58.Be7 a3 59.f6  1/2-1/2

[Event "Bucharest-B"]
[Site "Bucharest"]
[Date "1994.??.??"]
[Round "?"]
[White "Gordan, Nicolae"]
[Black "Ionescu, Doru Alexandru"]
[Result "1-0"]
[WhiteElo "2295"]
[BlackElo "2310"]

1.d4 Nf6 2.Bg5 Ne4 3.Bh4 g5 4.f3 gxh4 5.fxe4 c5 6.e3 Qb6 7.Nc3 Qxb2 8.Nd5 Kd8
9.Rb1 Qa3 10.Qh5 Nc6 11.Nf3 e6 12.Qg5+ Be7 13.Nxe7 Nxe7 14.Kf2 Qxa2 15.Bd3 Rg8
16.Qxc5 b6 17.Qd6 Qa4 18.Rb5 Ba6 19.Rhb1 Bxb5 20.Rxb5 Rc8 21.Ne5 Rxc2+ 22.Kf3 Rc7
23.Nxf7+ Kc8 24.Qxe7 d5 25.Qxe6+ Kb8 26.Rxd5 Qd1+ 27.Be2 Qg1 28.Ng5 Qxh2
29.Qxg8+ Rc8 30.Qxc8+ Kxc8 31.Ba6+ Kc7 32.Ne6+ Kc6 33.Nf4 Qg3+ 34.Ke2 Qg4+
35.Kd2 Qg3 36.e5 Qf2+ 37.Kd1  1-0

[Event "Budapest Spring op"]
[Site "Budapest"]
[Date "1994.??.??"]
[Round "6"]
[White "Szabo, Zsolt"]
[Black "Szilardfy, Gyula"]
[Result "1/2-1/2"]
[WhiteElo "2305"]
[BlackElo "2240"]

1.d4 Nf6 2.Bg5 Ne4 3.Bf4 c5 4.d5 d6 5.Nd2 Qa5 6.c3 Nxd2 7.Qxd2 e5 8.dxe6 Bxe6
9.e4 Nc6 10.Nf3 h6 11.Bd3 Rd8 12.O-O g5 13.Bg3 Bg7 14.Qe2 O-O 15.Nd2 Ne5
16.Bxe5 dxe5 17.Rfd1 Rd7 18.Nc4 Qc7 19.Ne3 Rfd8 20.Bc4 Rxd1+ 21.Rxd1 Rxd1+
22.Qxd1 Qd7 23.Bxe6 Qxd1+ 24.Nxd1 fxe6 25.a4 Kf7 26.Ne3 Ke7 27.Nc4 Kd7 28.Kf1 Kc6
29.Ke2 h5 30.Kd3 b6 31.Ne3 a6 32.h3 b5 33.axb5+ axb5 34.Nf1 c4+ 35.Kc2 Bf8
36.Kd2 Bh6 37.Kc2 Bf8 38.Ng3 h4 39.Ne2 Bc5 40.f3 Be3  1/2-1/2

[Event "Budapest FS11 IM-A"]
[Site "Budapest"]
[Date "1994.??.??"]
[Round "9"]
[White "Kecskes, Gabor"]
[Black "Kuljabin, Vadim"]
[Result "1/2-1/2"]
[WhiteElo "2110"]
[BlackElo "2230"]

1.d4 Nf6 2.Bg5 Ne4 3.Bf4 c5 4.f3 Nf6 5.dxc5 Qa5+ 6.Qd2 Qxc5 7.e4 Nc6 8.Nc3 d6
9.O-O-O Be6 10.Bb5 a6 11.Be3 Qb4 12.a3 Qa5 13.Bxc6+ bxc6 14.Nge2 Bd7 15.g4 e5
16.g5 Nh5 17.f4 Be6 18.Nb1 Qxd2+ 19.Rxd2 Bg4 20.Nbc3 exf4 21.Nxf4 Nxf4 22.Bxf4 O-O-O
23.Rg1 Bh5 24.Re1 f6 25.Na4 fxg5 26.Bxg5 Re8 27.Re3 Kc7 28.Bf4 Re6 29.c4 Rf6
30.Rf2 Be7 31.e5 Rxf4 32.Rxf4 Bg5 33.exd6+ Kxd6 34.Rfe4 Rd8  1/2-1/2

[Event "Budapest FS11 IM-B"]
[Site "Budapest"]
[Date "1994.??.??"]
[Round "10"]
[White "Szabo, Zsolt"]
[Black "Zouheir, Issam"]
[Result "1-0"]
[WhiteElo "2345"]
[BlackElo "2260"]

1.d4 Nf6 2.Bg5 Ne4 3.Bf4 d5 4.Nd2 Bf5 5.e3 e6 6.Bd3 Bd6 7.Bxe4 dxe4 8.Ne2 Bxf4
9.Nxf4 e5 10.dxe5 g5 11.Nh5 Nd7 12.Ng7+  1-0

[Event "Budapest FS02 IM-A"]
[Site "Budapest"]
[Date "1994.??.??"]
[Round "13"]
[White "Kargoll, Boris"]
[Black "Vajda, Levente"]
[Result "0-1"]
[WhiteElo "2315"]
[BlackElo "2200"]

1.d4 Nf6 2.Bg5 Ne4 3.h4 h6 4.Bf4 d5 5.Nd2 Nf6 6.e3 e6 7.Ngf3 c5 8.c3 Be7
9.Be2 Nc6 10.Ne5 Nxe5 11.dxe5 Nd7 12.Nf3 b6 13.Qc2 Bb7 14.h5 Qc7 15.Rd1 a6
16.O-O O-O 17.b3 b5 18.Bg3 Bc6 19.Qd2 Nb6 20.Bd3 Rfd8 21.Bb1 Nd7 22.Qc2 Nf8
23.Nh2 a5 24.Ng4 c4 25.Rd4 cxb3 26.axb3 a4 27.b4 Qb7 28.Bf4 Kh8 29.Bxh6 gxh6
30.Nxh6 Bg5 31.Ng4 Qe7 32.f4 f5 33.fxg5 Qxg5 34.Nf6 Ra7 35.Rf3 Nh7 36.Nxh7 Rxh7
37.Rh3 Rg8 38.Qf2 Rh6 39.Bc2 Qg7 40.Bd1 Qxe5 41.Qf4 Qf6 42.Qd6 e5 43.Qxf6+ Rxf6
44.Rd2 Kh7 45.Bf3 Kh6 46.Kf2 Rd8 47.g3 Rfd6 48.Rh4 Be8 49.Rh1 Kg5 50.Be2 Kh6
51.Rhd1 Kg5 52.Rc1 d4 53.cxd4 exd4 54.exd4 Rxd4 55.Rxd4 Rxd4 56.Rc8 Bxh5
57.Rg8+ Bg6 58.Bxb5 Rxb4 59.Be8 Rb6 60.Bxa4  0-1

[Event "Buenos Aires GP1"]
[Site "Buenos Aires"]
[Date "1994.??.??"]
[Round "3"]
[White "Miladinovic, Igor"]
[Black "Celis, Gustavo"]
[Result "1-0"]
[WhiteElo "2480"]
[BlackElo "2345"]

1.d4 Nf6 2.Bg5 Ne4 3.h4 d5 4.Nd2 Nxg5 5.hxg5 g6 6.e3 Bg7 7.f4 c5 8.c3 Nc6
9.Ngf3 Qb6 10.Qc1 cxd4 11.exd4 Bf5 12.Nb3 O-O 13.Qd2 Rfe8 14.Bd3 Bxd3 15.Qxd3 Qc7
16.Rh4 e5 17.fxe5 Bxe5 18.dxe5 Nxe5 19.Nxe5 Qxe5+ 20.Kf2 Qxg5 21.Rh3 Re4
22.Nd4 Rae8 23.Rah1 Rg4 24.g3 h5 25.Rh4 Rge4 26.Rxe4 dxe4 27.Qe3 Qd5 28.b3 Re5
29.Kg2 Qa5 30.a4 Kg7 31.Rf1 Qd5 32.c4 Qd7 33.Ne2 h4 34.gxh4 Qg4+ 35.Ng3 Qxh4
36.Qd4 Qg5 37.Re1 e3 38.b4 b6 39.c5 bxc5 40.bxc5 Qf6 41.Rxe3 Rxe3 42.Qxe3 Qc6+
43.Kh2 Qxa4 44.Qc3+ Kf8 45.c6 Qa2+ 46.Kg1 Qb1+ 47.Kg2 Qa2+ 48.Kf3 Qd5+ 49.Kf2 Qa2+
50.Ne2 Qd5 51.c7 Qf5+ 52.Ke1 Qb1+ 53.Kd2 Qa2+ 54.Kc1 Qxe2 55.c8=Q+ Ke7 56.Q3c5+ Kf6
57.Qh8+  1-0

[Event "Buenos Aires GP1"]
[Site "Buenos Aires"]
[Date "1994.??.??"]
[Round "8"]
[White "Herrera, Fernando"]
[Black "Del Rey, Diego"]
[Result "0-1"]
[WhiteElo "2255"]
[BlackElo "2400"]

1.d4 Nf6 2.Bg5 Ne4 3.Bh4 c5 4.f3 g5 5.fxe4 gxh4 6.e3 Qb6 7.Nc3 Bh6 8.Nd5 Qd8
9.Qh5 Bg7 10.O-O-O e6 11.Nc3 cxd4 12.exd4 Nc6 13.Nf3 Qf6 14.Kb1 O-O 15.e5 Qg6
16.Qxh4 f5 17.Qf2 a6 18.h4 b5 19.h5 Qh6 20.Bd3 Nb4 21.Be2 Bb7 22.Qh4 Rac8
23.Rh3 Nxc2 24.Kxc2 b4 25.Qg5 bxc3 26.bxc3 Bxf3 27.Qxg7+ Kxg7 28.Rxf3 Kh8
29.Bxa6 Ra8 30.Bc4 Rg8 31.Rf2 Qe3 32.Rfd2 Rxa2+  0-1

[Event "Buenos Aires GP1"]
[Site "Buenos Aires"]
[Date "1994.??.??"]
[Round "8"]
[White "Miladinovic, Igor"]
[Black "Zarnicki, Pablo"]
[Result "1-0"]
[WhiteElo "2480"]
[BlackElo "2435"]

1.d4 Nf6 2.Bg5 Ne4 3.h4 d5 4.Nd2 Nxg5 5.hxg5 c5 6.dxc5 e5 7.e4 Bxc5 8.Nb3 d4
9.Nxc5 Qa5+ 10.c3 Qxc5 11.cxd4 exd4 12.Rc1 Qb4+ 13.Qd2 Qxd2+ 14.Kxd2 Nc6
15.Bb5 Bd7 16.Nf3 Rd8 17.Rh4 a6 18.Bxc6 Bxc6 19.Rc4 d3 20.Rd4 O-O 21.Kxd3 Rde8
22.Rd6 Bb5+ 23.Ke3 Rd8 24.Rxd8 Rxd8 25.Nd4 Bc4 26.Rh1 Be6 27.Rc1 Rc8 28.Rxc8+ Bxc8
29.Kf4 Kf8 30.Ke5 Ke7 31.Nf5+ Bxf5 32.Kxf5 Kd6 33.Kf4 Kc5 34.Ke5 a5 35.f4 a4
36.f5 b6 37.g6 hxg6 38.fxg6 fxg6 39.Ke6  1-0

[Event "Buenos Aires PRENAJ"]
[Site "Buenos Aires"]
[Date "1994.??.??"]
[Round "10"]
[White "Del Rey, Diego"]
[Black "Quiroga, Facundo"]
[Result "0-1"]
[WhiteElo "2400"]
[BlackElo "2315"]

1.d4 Nf6 2.Bg5 Ne4 3.Bf4 d5 4.Nd2 Nxd2 5.Qxd2 e6 6.Nf3 c5 7.e3 Nc6 8.Be2 Qb6
9.c3 Bd7 10.O-O Rc8 11.Rad1 cxd4 12.exd4 Na5 13.Ne5 Bb5 14.Rfe1 Be7 15.Bg4 Nc4
16.Nxc4 Bxc4 17.Re3 Bxa2 18.Rg3 Rc6 19.Bh3 Rg8 20.Re1 Bc4 21.Bh6 g6 22.b4 a6
23.Rf3 f5 24.Rg3 Kf7 25.Bf4 Qd8 26.Qd1 h5 27.Rge3 Bg5 28.Bxg5 Qxg5 29.g3 Rh8
30.f4 Qf6 31.Qf3 Bb5 32.Qf2 Rhc8 33.Qd2 b6 34.Bf1 e5 35.Rc1  0-1

[Event "Cappelle"]
[Site "Cappelle la Grande"]
[Date "1994.??.??"]
[Round "1"]
[White "Degraeve, Jean Marc"]
[Black "Lane, Gary W"]
[Result "1-0"]
[WhiteElo "2460"]
[BlackElo "2440"]

1.d4 Nf6 2.Bg5 Ne4 3.Bf4 c5 4.f3 Qa5+ 5.c3 Nf6 6.Nd2 cxd4 7.Nb3 Qb6 8.Qxd4 Qxd4
9.cxd4 d6 10.e4 Nc6 11.d5 Ne5 12.Bb5+ Kd8 13.Bd2 Bd7 14.Bxd7 Kxd7 15.Nh3 Nd3+
16.Ke2 Nxb2 17.Rhc1 Na4 18.Rc4 b5 19.Rc2 e6 20.Ng5 exd5 21.Rac1 Nc5 22.e5 Ne8
23.exd6 Nxb3 24.Rc7+ Nxc7 25.Rxc7+ Ke8 26.d7+ Ke7 27.Rc8 Nd4+ 28.Kd3 Kxd7
29.Rxa8 Nc6 30.Nxf7 Rg8 31.Ng5 Ke7 32.Be3 h6 33.Bc5+ Kd7 34.Nh7  1-0

[Event "Cappelle op"]
[Site "Cappelle la Grande"]
[Date "1994.??.??"]
[Round "1"]
[White "Hansen, Mads Smith"]
[Black "Vaisser, Anatoli"]
[Result "1/2-1/2"]
[WhiteElo "2310"]
[BlackElo "2575"]

1.d4 Nf6 2.Bg5 Ne4 3.h4 c6 4.Nd2 Qa5 5.Nf3 d5 6.c3 Bf5 7.Nxe4 Bxe4 8.Nd2 Bf5
9.e3 h6 10.Bf4 Qb6 11.Qb3 Nd7 12.Be2 e6 13.g4 Bg6 14.h5 Bh7 15.f3 Be7 16.Qxb6 axb6
17.c4 Bb4 18.a3 Ke7 19.Rc1 Bd6 20.Bxd6+ Kxd6 21.Kf2 f6 22.Rhd1 Rhe8 23.Nf1 dxc4
24.Bxc4 b5 25.Bb3 f5 26.gxf5 exf5 27.Ng3 f4 28.exf4 Rf8 29.Re1 Rxf4 30.Re6+ Kc7
31.Re7 Rxd4 32.Rxg7 Bd3 33.Ke3 Rd6 34.Ne4 Re8 35.Rd1 Bxe4 36.fxe4 Re5 37.Rxd6 Kxd6
38.Rg6+ Ke7 39.Rg7+ Kd8 40.Bd1 Re7 41.Rg6 Nc5 42.Bf3 Re6 43.Rg7 Re7 44.Rg6 Re6
45.Rg7  1/2-1/2

[Event "Cappelle op"]
[Site "Cappelle la Grande"]
[Date "1994.??.??"]
[Round "1"]
[White "Wall, Tim"]
[Black "Rytshagov, Mikhail"]
[Result "0-1"]
[WhiteElo "2245"]
[BlackElo "2470"]

1.d4 Nf6 2.Bg5 Ne4 3.Bf4 c5 4.f3 Qa5+ 5.c3 Nf6 6.d5 Qb6 7.Bc1 e6 8.e4 exd5
9.exd5 Qc7 10.c4 Bd6 11.g4 O-O 12.Bd3 b5 13.Nc3 bxc4 14.Bxc4 Ba6 15.Qd3 Bxc4
16.Qxc4 Re8+ 17.Nge2 Be5 18.g5 Nh5 19.Nb5 Qa5+ 20.Bd2 Qb6 21.O-O a6 22.Nbc3 Qxb2
23.Rad1 d6 24.Qa4 Rd8 25.Qg4 g6 26.f4 Bg7 27.Ne4 Nd7 28.Ba5 Re8 29.N2c3 f5
30.gxf6 Ndxf6 31.Nxf6+ Nxf6 32.Qh3 Ne4 33.Nxe4 Rxe4 34.Rd2 Bd4+ 35.Kh1 Qb7
36.Qg2 Rae8 37.f5 Qg7 38.fxg6 hxg6 39.Rd3 Re2 40.Qg4 R2e4 41.Qh3 Re2 42.Bc3 Bxc3
43.Rxc3 Qe5 44.Rcf3 Qxd5 45.Qg3 R2e6 46.Qg2 Qe4 47.Kg1 Re5 48.Qg3 Kg7 49.Rf7+ Kh6
50.Rd1 Rg5 51.Rh7+ Kxh7 52.Qxg5 Re5  0-1

[Event "Cappelle op"]
[Site "Cappelle la Grande"]
[Date "1994.??.??"]
[Round "4"]
[White "Nei, Iivo"]
[Black "Fominyh, Alexander"]
[Result "0-1"]
[WhiteElo "2405"]
[BlackElo "2515"]

1.d4 Nf6 2.Bg5 Ne4 3.Bf4 c5 4.f3 Nf6 5.dxc5 b6 6.e4 bxc5 7.e5 Ng8 8.Nc3 Nc6
9.Bc4 e6 10.Nge2 Nge7 11.Bd3 Rb8 12.Qd2 Rxb2 13.O-O Ng6 14.Bb5 Nd4 15.Bd3 Nxe2+
16.Nxe2 Nxf4 17.Qxf4 Rb4 18.Qg3 g6 19.a3 Rb6 20.Nc3 d5 21.Bb5+ Bd7 22.Bxd7+ Qxd7
23.Rad1 Qc6 24.Qg5 Qc7 25.Qf6 Rg8 26.Qh4 Bg7 27.f4 h5 28.Qf2 Bf8 29.Qe2 c4
30.a4 a6 31.Kh1 Bb4 32.Qf3 Kf8 33.Ne2 Bc5 34.Ng3 h4 35.Ne2 Rh8 36.Qg4 Rb2
37.c3 h3 38.gxh3 Qe7 39.Rb1 Qb7 40.Rxb2 Qxb2 41.Qf3 Qc2 42.Rc1 Qd3 43.Qxd3 cxd3
44.Ng3  0-1

[Event "Cappelle op"]
[Site "Cappelle la Grande"]
[Date "1994.??.??"]
[Round "5"]
[White "Tondivar, Babak"]
[Black "Nalbandian, Tigran"]
[Result "1-0"]
[WhiteElo "2345"]
[BlackElo "2485"]

1.d4 Nf6 2.Bg5 Ne4 3.Bf4 d6 4.Nd2 Nf6 5.e4 g6 6.Ngf3 Bg7 7.Bd3 O-O 8.O-O Nc6
9.h3 Nh5 10.Be3 e5 11.c3 a5 12.Re1 Bd7 13.a3 a4 14.Qc2 Nf4 15.Bf1 Qf6 16.Kh2 g5
17.dxe5 dxe5 18.g3 b6 19.Ng1 Rfd8 20.Rad1 Be6 21.Ndf3 Bb3 22.Rxd8+ Rxd8 23.Qc1 Nd3
24.Bxd3 Rxd3 25.Bxg5 Qd6 26.Nh4 Ne7 27.Bxe7 Qxe7 28.Nf5 Qf6 29.Kg2 Bf8 30.Nf3 Bc5
31.Nd2 Bd5 32.g4 Bb7 33.Nf3 h5 34.Qc2 Qd8 35.Re2 f6 36.Qxa4 Kh7 37.Qc4 Qd7
38.g5 Qxf5 39.Qxd3 Qe6 40.gxf6 Qg8+ 41.Kh2 Bc8 42.Qd2  1-0

[Event "Cappelle op"]
[Site "Cappelle la Grande"]
[Date "1994.??.??"]
[Round "6"]
[White "Nei, Iivo"]
[Black "Timoshenko, Georgy"]
[Result "0-1"]
[WhiteElo "2405"]
[BlackElo "2520"]

1.d4 Nf6 2.Bg5 Ne4 3.Bf4 d5 4.c3 e6 5.e3 b6 6.Nd2 Nxd2 7.Qxd2 Bd6 8.Nf3 O-O
9.Bd3 Ba6 10.Bxd6 cxd6 11.O-O Qc8 12.Rfc1 Bxd3 13.Qxd3 Qc4 14.Qc2 Nd7 15.Nd2 Qa6
16.e4 dxe4 17.Nxe4 d5 18.Ng5 Nf6 19.Nf3 Rfc8 20.Ne5 Rab8 21.Qd3 Qxd3 22.Nxd3 Ne4
23.Kf1 f6 24.Rc2 Kf7 25.Re1 g5 26.f3 Nd6 27.Rce2 Re8 28.Kf2 Nf5 29.Nb4 a5
30.Nd3 h5 31.a3 Rbc8 32.Rh1 h4 33.Rhe1 Re7 34.Rd1 Rg8 35.h3 Ng3 36.Re3 Kg6
37.Rc1 Rc8 38.Ree1 Kf5 39.Red1 Nh5 40.Rd2 e5 41.dxe5 fxe5 42.Ne1 Nf4 43.Nc2 Kg6
44.Rcd1 e4 45.fxe4 Rf8 46.Kg1 Rxe4 47.Nd4 Rfe8 48.Nf3 Re3 49.Kf1 Kh5 50.Re1 Nxg2
51.Kxg2 Rxe1 52.Nxe1 Rxe1 53.a4 Re3 54.b4 Re5 55.Rd4 Re2+ 56.Kg1 Ra2 57.Rxd5 Rxa4
58.Rb5 Ra1+ 59.Kg2 Ra2+ 60.Kg1 a4 61.Rxb6 Rc2  0-1

[Event "Cappelle op"]
[Site "Cappelle la Grande"]
[Date "1994.??.??"]
[Round "6"]
[White "Wians, Camille"]
[Black "Solozhenkin, Evgeniy"]
[Result "0-1"]
[WhiteElo "2275"]
[BlackElo "2525"]

1.d4 Nf6 2.Bg5 Ne4 3.h4 d5 4.Nd2 Bf5 5.Nxe4 Bxe4 6.e3 c5 7.Nf3 Nc6 8.dxc5 f6
9.Bf4 e5 10.Bg3 Bxc5 11.c3 a6 12.Be2 O-O 13.O-O Kh8 14.h5 Qe7 15.b4 Bb6 16.Qb3 Qf7
17.Nd2 Bf5 18.b5 axb5 19.Qxb5 Ba5 20.Qb2 Rad8 21.Nb3 Bb6 22.Rfd1 Ba7 23.a4 Be6
24.Rab1 f5 25.h6 g5 26.c4 Qf6 27.cxd5 Bxd5 28.Bb5 f4 29.Bh2 fxe3 30.fxe3 Bxe3+
31.Kh1 Qxh6  0-1

[Event "Cappelle op"]
[Site "Cappelle la Grande"]
[Date "1994.??.??"]
[Round "9"]
[White "Danielian, Oganes"]
[Black "Tkachiev, Vladislav"]
[Result "1/2-1/2"]
[WhiteElo "2445"]
[BlackElo "2510"]

1.d4 Nf6 2.Bg5 Ne4 3.Bh4 d5 4.f3 Nd6 5.Nc3 Nf5 6.Bf2 e5 7.dxe5 d4 8.e4 dxc3
9.Qxd8+ Kxd8 10.O-O-O+ Ke8 11.exf5 cxb2+ 12.Kxb2 Bxf5 13.Ne2 Nc6 14.Nc3 h5
15.f4 Rh6 16.Nd5 Rc8 17.Bh4 Bc5 18.Bg5 Rg6 19.Bd3 Bxd3 20.Rxd3 Nb4 21.Nxb4 Bxb4
22.Rb3 Rb6 23.f5 Be7 24.Be3 Rxb3+ 25.axb3 Rd8 26.Re1 a6 27.Bf4 Rd4 28.g3 Kf8
29.c3 Rd5 30.c4 Rd3 31.Rf1 Bb4 32.Kc2 Rd4 33.h3 Ke8 34.Rd1 Rxd1 35.Kxd1 c6
36.Ke2 b5 37.Kd3 a5 38.cxb5 cxb5 39.Kd4 a4 40.bxa4 bxa4 41.Kc4 Be7 42.g4 hxg4
43.hxg4 Kd7 44.Kd5 Ba3 45.e6+ fxe6+ 46.fxe6+ Ke7 47.Bg5+ Ke8 48.Kc4 Be7 49.Bf4 Kf8
50.Be5 Kg8 51.Kb5 a3 52.Kc6 a2 53.Kd7 Kf8 54.Bb2  1/2-1/2

[Event "Catania op"]
[Site "Cattolica"]
[Date "1994.??.??"]
[Round "5"]
[White "Zichichi, Alvise"]
[Black "Forintos, Gyozo V"]
[Result "1-0"]
[WhiteElo "2295"]
[BlackElo "2450"]

1.d4 Nf6 2.Bg5 Ne4 3.Bf4 c5 4.f3 Nf6 5.dxc5 Qa5+ 6.Qd2 Qxc5 7.Nc3 d6 8.e4 Nc6
9.O-O-O Be6 10.Nge2 Rc8 11.a3 Bc4 12.Be3 Qa5 13.Nd4 Bxf1 14.Rhxf1 Ne5 15.Nd5 Qxd2+
16.Bxd2 Nxd5 17.exd5 Rc5 18.b3 Rxd5 19.Be3 Ra5 20.a4 a6 21.Ne2 Nc6 22.f4 g6
23.g4 Bg7 24.Bb6 h5 25.Bxa5 Nxa5 26.g5 Nc6 27.c3 Kd7 28.f5 gxf5 29.Rxf5 Ne5
30.h3 Rc8 31.Rdf1 h4 32.Kc2 f6 33.gxf6 Bxf6 34.Rxf6 exf6 35.Rxf6 Rh8 36.Rf4 Kc6
37.Nd4+ Kc5 38.Nf5 Rg8 39.b4+ Kc6 40.Ne7+  1-0

[Event "Catania op"]
[Site "Cattolica"]
[Date "1994.??.??"]
[Round "6"]
[White "Zichichi, Alvise"]
[Black "Sax, Gyula"]
[Result "0-1"]
[WhiteElo "2295"]
[BlackElo "2530"]

1.d4 Nf6 2.Bg5 Ne4 3.Bf4 d5 4.Nd2 Nf6 5.h3 c5 6.dxc5 Na6 7.e3 Nxc5 8.Ngf3 Qb6
9.Nb3 e6 10.Be2 Na4 11.Qd4 Qxd4 12.Nfxd4 a6 13.Rb1 Ne4 14.Bd3 Nd6 15.Nd2 b5
16.e4 Bb7 17.exd5 Bxd5 18.O-O Nc5 19.Be2 Bxa2 20.Ra1 Bd5 21.Bf3 Bxf3 22.N2xf3 Rc8
23.Rfc1 Nc4 24.b3 Nb6 25.Ra5 Be7 26.Rca1 Bd8 27.R5a2 Nd5 28.c4 Nxf4 29.cxb5 axb5  0-1

[Event "FRA-ch"]
[Site "Chambery"]
[Date "1994.??.??"]
[Round "?"]
[White "Sharif, Mershad"]
[Black "Chabanon, Jean Luc"]
[Result "1/2-1/2"]
[WhiteElo "2455"]
[BlackElo "2475"]

1.d4 Nf6 2.Bg5 Ne4 3.Bf4 d5 4.e3 c6 5.Nd2 Bf5 6.Nxe4 Bxe4 7.f3 Bg6 8.h4 h6
9.h5 Bh7 10.Bd3 Bxd3 11.Qxd3 Nd7 12.O-O-O Qa5 13.Kb1 e6 14.c4 dxc4 15.Qxc4 Qf5+
16.Ka1 Nb6 17.Qb3 Qd5 18.Qc2 Qc4 19.Qxc4 Nxc4 20.Rc1 Nb6 21.e4 Be7 22.Ne2 O-O
23.Be3 f5 24.Nf4 fxe4 25.fxe4 Bg5 26.g3 Rae8 27.Rhe1 Nd7 28.Ng6 Rf3 29.Bxg5 hxg5
30.g4 Rd3 31.d5 exd5 32.exd5 Rxe1 33.Rxe1 Nf6  1/2-1/2

[Event "Clichy"]
[Site "Clichy"]
[Date "1994.??.??"]
[Round "5"]
[White "Lukasiewicz, Grzegorz"]
[Black "Montheard, Xavier"]
[Result "1-0"]
[WhiteElo "2375"]
[BlackElo "2205"]

1.d4 Nf6 2.Bg5 Ne4 3.h4 c5 4.dxc5 Nxg5 5.hxg5 Qa5+ 6.Nd2 g6 7.c3 Qxc5 8.Ngf3 Bg7
9.e3 d6 10.Qb3 Nd7 11.Bc4 O-O 12.Qc2 d5 13.Be2 e5 14.e4 Nb6 15.exd5 Bf5 16.Ne4 Qxd5
17.Nfd2 Rad8 18.g4 Bxe4 19.Nxe4 Qe6 20.f3 f5 21.gxf6 Bxf6 22.Qb3 Qxb3 23.axb3 a6
24.Ra5 Rde8 25.b4 Bd8 26.Ra1 Kg7 27.Rd1 Bc7 28.Kf2 Re7 29.b3 Nd7 30.g5 a5
31.Bb5 Nb8 32.bxa5 Bxa5 33.b4 Bb6+ 34.Ke2 Nc6 35.Nf6 h5 36.Nd5 Ref7 37.Nxb6 Rxf3
38.Rh4 Rxc3 39.Rd7+ Kg8 40.Bc4+  1-0

[Event "CZE-chT"]
[Site "?"]
[Date "1994.??.??"]
[Round "?"]
[White "Koutsin, Sergey"]
[Black "Ftacnik, Lubomir"]
[Result "0-1"]
[WhiteElo "2445"]
[BlackElo "2565"]

1.d4 Nf6 2.Bg5 Ne4 3.Bf4 d5 4.Nd2 Bf5 5.e3 e6 6.Bd3 Nxd2 7.Qxd2 Bxd3 8.Qxd3 c6
9.Nf3 Be7 10.O-O O-O 11.c4 Nd7 12.Rac1 dxc4 13.Qxc4 Nb6 14.Qb3 Qd5 15.Qxd5 exd5
16.Ne5 a5 17.b3 Ba3 18.Rc2 Ra6 19.Rb1 Re8 20.Kf1 f6 21.Nd3 Nd7 22.Nb2 Nf8
23.Na4 h5 24.h3 Ne6 25.Bg3 Kf7 26.Rd1 g5 27.Re2 h4 28.Bh2 Raa8 29.Rc2 Rad8
30.Re2 Kg6 31.Rc2 Rd7 32.Nb6 Rf7 33.Re2 Ng7 34.Rc2 Nf5 35.Rd3 Rfe7 36.Na4 Nh6
37.Nc3 Bb4 38.Nb1 Nf7 39.a3 Bd6 40.Bxd6 Nxd6 41.Nd2 a4 42.bxa4 Ra8 43.Rb2 Rxa4
44.Rb4 Ra7 45.a4 Re8 46.Nb3 Nc4 47.Nd2 Nd6 48.Nb3 Rea8 49.Nc5 b5 50.axb5 Ra1+
51.Ke2 cxb5 52.Rd2 Rg1 53.Kf3 f5 54.g3 g4+  0-1

[Event "RUS-ch"]
[Site "Elista"]
[Date "1994.??.??"]
[Round "3"]
[White "Tregubov, Pavel V"]
[Black "Varavin, Viktor"]
[Result "0-1"]
[WhiteElo "2545"]
[BlackElo "2510"]

1.d4 Nf6 2.Bg5 Ne4 3.Bf4 c5 4.f3 Qa5+ 5.c3 Nf6 6.Nd2 cxd4 7.Nb3 Qf5 8.Bxb8 Rxb8
9.Qxd4 b6 10.e4 Qf4 11.Ne2 Qc7 12.e5 Ng8 13.c4 f6 14.f4 fxe5 15.fxe5 g6 16.e6 Nf6
17.Nc3 dxe6 18.Nb5 Qb7 19.Be2 Qxg2 20.Qe5 Qxh1+ 21.Kf2 Ne4+ 22.Ke3 Bh6+ 23.Kd3 Nf2+
24.Kc3 O-O 25.Qxb8 Qe4 26.Nxa7 Qxe2 27.Nxc8 Bd2+ 28.Nxd2 Qd3+ 29.Kb4 Qxd2+
30.Ka4 Qd7+  0-1

[Event "EUCup Gr1"]
[Site "Eupen"]
[Date "1994.??.??"]
[Round "1"]
[White "Bibby, Simon"]
[Black "Ochsner, Thomas"]
[Result "0-1"]
[WhiteElo "2275"]
[BlackElo "2285"]

1.d4 Nf6 2.Bg5 Ne4 3.Bf4 d5 4.f3 Nf6 5.e4 dxe4 6.Nc3 exf3 7.Nxf3 Bg4 8.Bc4 e6
9.h3 Bxf3 10.Qxf3 c6 11.O-O-O Be7 12.Rhe1 Nd5 13.Be5 O-O 14.Ne4 Nd7 15.Qg3 Nxe5
16.Qxe5 Qc7 17.Qxc7 Nxc7 18.c3 Nd5 19.Kc2 Rad8 20.g3 Rd7 21.Rd3 a5 22.a3 h6
23.Rf3 g6 24.Bb3 Kg7 25.Re2 Rc7 26.Rd3 Rd8 27.Rf3 Rdc8 28.Ref2 f5 29.Bxd5 exd5
30.Nd2 Bd6 31.Nb3 a4 32.Nc1 Re8 33.Re2 Re4 34.Ref2 Rce7 35.Kd2 Re1 36.Nd3 Rg1
37.Nc5 b5 38.g4 f4 39.Nd3 g5 40.Kc2 Re3 41.Kd2 Rg3 42.Rxg3 Rxg3 43.Rh2 Kf6
44.Nf2 f3 45.Rh1 Bf4+ 46.Ke1 Rg2 47.Nd3 Re2+ 48.Kf1 Bg3 49.Rg1 Bh4  0-1

[Event "Formia op"]
[Site "Formia"]
[Date "1994.??.??"]
[Round "6"]
[White "Zlochevskij, Alexander"]
[Black "Kovacevic, Slobodan"]
[Result "1-0"]
[WhiteElo "2485"]
[BlackElo "2400"]

1.d4 Nf6 2.Bg5 Ne4 3.Bh4 c5 4.f3 Qa5+ 5.c3 Nd6 6.d5 f5 7.e4 Qb6 8.Qc2 g6
9.e5 Nf7 10.f4 e6 11.Bc4 Be7 12.Bxe7 Kxe7 13.d6+ Kf8 14.Nf3 Nc6 15.Nbd2 Qd8
16.Rg1 a6 17.g4 b5 18.gxf5 exf5 19.Bxf7 Kxf7 20.O-O-O c4 21.Rg5 Rf8 22.Rdg1 Ke8
23.h4 Qa5 24.a3 Nd8 25.h5 Ne6 26.hxg6 hxg6 27.Rxg6 Nxf4 28.Rg7 Ne2+ 29.Kb1 Nxg1
30.Nxg1 Bb7 31.Qd1 Kd8 32.e6 Kc8 33.Rxd7 Qb6 34.Ndf3 Kb8 35.Rc7 Ka7 36.e7 Rfc8
37.Rxc8 Bxc8 38.d7 Bxd7 39.Qxd7+ Qb7 40.e8=Q Rxe8 41.Qxe8 Qd5 42.Qe7+  1-0